[Event "Dzhubga op"]
[Site "Dzhubga"]
[Date "2023.08.07"]
[Round "7"]
[White "Kalinin, Sergey"]
[Black "Solovyev, Artem"]
[Result "1-0"]
[WhiteElo "2197"]
[BlackElo "2155"]
[PlyCount "51"]
[EventDate "2023.08.01"]
[EventType "swiss"]
[EventRounds "9"]
[EventCountry "RUS"]
[SourceTitle "EXT 2024"]
[Source "ChessBase"]
[SourceDate "2023.10.10"]
[SourceVersion "1"]
[SourceVersionDate "2023.10.10"]
[SourceQuality "1"]

1. e4 c5 2. Nf3 d6 3. d4 cxd4 4. Nxd4 Nf6 5. Nc3 a6 6. f4 e6 7. Be3 b5 8. e5 dxe5 9. fxe5 Nd5 10. Nxd5 Qxd5 11. Be2 Qxe5 12. Qd2 Bc5 13. Bf3 Ra7 14. 0-0-0 Rd7 15. c3 Qc7 16. Bf4 e5 17. Bxe5 Qb6 18. Bxg7 Rg8 19. Rhe1+ Re7 20. Nc6 Nd7 21. Nxe7 Bxe7 22. Bg4 Rxg7 23. Bxd7+ Kf8 24. Rxe7 Kxe7 25. Re1+ Kd8 26. Re8+ 1-0

[Event "Alushta op"]
[Site "Alushta"]
[Date "2023.07.09"]
[Round "8"]
[White "Zhurov, Sergey"]
[Black "Kalinin, Sergey"]
[Result "1-0"]
[WhiteElo "2226"]
[BlackElo "2197"]
[PlyCount "40"]
[EventDate "2023.07.02"]
[EventType "swiss"]
[EventRounds "9"]
[EventCountry "UKR"]
[SourceTitle "CBM 215 Extra"]
[Source "ChessBase"]
[SourceDate "2023.09.30"]
[SourceVersion "1"]
[SourceVersionDate "2023.09.30"]
[SourceQuality "1"]

1. d4 Nf6 2. c4 b6 3. f3 d5 4. cxd5 Nxd5 5. e4 Nf6 6. Nc3 e6 7. Be3 Be7 8. Qc2 c6 9. Nge2 Ba6 10. g4 h6 11. h4 Nfd7 12. Bf2 g5 13. hxg5 Bxg5 14. f4 Bf6 15. 0-0-0 b5 16. e5 Bg7 17. Ne4 Qa5 18. Nd6+ Kf8 19. Kb1 c5 20. Bg2 Qd8 1-0

[Event "Alushta op"]
[Site "Alushta"]
[Date "2023.07.06"]
[Round "5"]
[White "Skorobogatykh, Andrey"]
[Black "Kalinin, Sergey"]
[Result "0-1"]
[WhiteElo "1970"]
[BlackElo "2197"]
[PlyCount "98"]
[EventDate "2023.07.02"]
[EventType "swiss"]
[EventRounds "9"]
[EventCountry "UKR"]
[SourceTitle "CBM 215 Extra"]
[Source "ChessBase"]
[SourceDate "2023.09.30"]
[SourceVersion "1"]
[SourceVersionDate "2023.09.30"]
[SourceQuality "1"]

1. e4 c5 2. Nf3 d6 3. d4 Nf6 4. Nc3 cxd4 5. Nxd4 g6 6. Be3 Bg7 7. f3 a6 8. Qd2 h5 9. Bc4 b5 10. Bb3 Bb7 11. h4 Nc6 12. Nxc6 Bxc6 13. 0-0-0 a5 14. Bd5 Nxd5 15. exd5 Bd7 16. Ne4 b4 17. Rde1 0-0 18. Bd4 Rc8 19. Kb1 Bxd4 20. Qxd4 Qc7 21. Re2 Qc4 22. Qd2 Bf5 23. Nf2 Rc5 24. g4 Rxd5 25. Qe1 hxg4 26. fxg4 Bxg4 27. Re4 Rd4 28. Rxg4 Rxg4 29. Nxg4 Qxg4 30. Qxe7 Qe6 31. Qg5 Qe5 32. Qg4 Re8 33. b3 Qe4 34. Qd1 Re5 35. h5 Rxh5 36. Rxh5 gxh5 37. Qxh5 Qe1+ 38. Kb2 Qe5+ 39. Qxe5 dxe5 40. c4 f5 41. Kc2 f4 42. Kd3 f3 43. Ke3 e4 44. Kf2 Kf7 45. Ke3 Ke6 46. Kf2 Kd6 47. Ke3 Ke5 48. Kf2 Kd4 49. Kf1 e3 0-1

[Event "Alushta op"]
[Site "Alushta"]
[Date "2023.07.05"]
[Round "4"]
[White "Kalinin, Sergey"]
[Black "Lagutina, Olga"]
[Result "1-0"]
[WhiteElo "2197"]
[BlackElo "1774"]
[PlyCount "68"]
[EventDate "2023.07.02"]
[EventType "swiss"]
[EventRounds "9"]
[EventCountry "UKR"]
[SourceTitle "CBM 215 Extra"]
[Source "ChessBase"]
[SourceDate "2023.09.30"]
[SourceVersion "1"]
[SourceVersionDate "2023.09.30"]
[SourceQuality "1"]

1. e4 d6 2. d4 Nf6 3. Nc3 g6 4. f4 Bg7 5. Nf3 c6 6. e5 dxe5 7. fxe5 Nd5 8. Nxd5 cxd5 9. Be2 0-0 10. 0-0 Nc6 11. c3 Bg4 12. Ng5 Bxe2 13. Qxe2 h6 14. Nh3 Qc8 15. Nf4 e6 16. g4 Qd8 17. Qf2 Qe8 18. Qg2 Kh7 19. Qc2 f6 20. exf6 Rxf6 21. Be3 Rd8 22. Nh5 Rxf1+ 23. Rxf1 e5 24. Nxg7 Kxg7 25. Qd2 exd4 26. Bxh6+ Kh7 27. Rf8 Qe7 28. Qf4 Rxf8 29. Bxf8 Qe1+ 30. Kg2 Qe2+ 31. Kg3 Qe1+ 32. Kh3 Qe3+ 33. Qxe3 dxe3 34. Kg2 Ne5 1-0

[Event "Sevastopol Waltz Rapid"]
[Site "Sevastopol"]
[Date "2023.06.26"]
[Round "3"]
[White "Nelyubin, Sergey"]
[Black "Kalinin, Sergey"]
[Result "0-1"]
[WhiteElo "1915"]
[BlackElo "2197"]
[PlyCount "61"]
[EventDate "2023.06.26"]
[EventType "swiss (rapid)"]
[EventRounds "11"]
[EventCountry "UKR"]
[SourceTitle "CBM 215 Extra"]
[Source "ChessBase"]
[SourceDate "2023.09.30"]
[SourceVersion "1"]
[SourceVersionDate "2023.09.30"]
[SourceQuality "1"]

1. d4 Nf6 2. Bf4 b6 3. e3 Bb7 4. Nf3 e6 5. a3 Be7 6. h3 c5 7. c3 0-0 8. Nbd2 d5 9. Bd3 Bd6 10. Ne5 c4 11. Bc2 g6 12. Bg5 Be7 13. Bh6 Re8 14. Bf4 Nh5 15. Bh2 a6 16. Qf3 Bf6 17. Ndxc4 b5 18. Nd2 Bxe5 19. Bxe5 f6 20. Bxb8 Rxb8 21. 0-0 e5 22. Nb3 e4 23. Qe2 f5 24. Nc5 Bc8 25. b4 f4 26. exf4 Nxf4 27. Qe3 Qg5 28. g3 Nxh3+ 29. Kg2 Rf8 30. Bb3 Nf4+ 31. Kg1 0-1

[Event "Sevastopol Waltz op"]
[Site "Sevastopol"]
[Date "2023.06.24"]
[Round "8"]
[White "Kalinin, Sergey"]
[Black "Krajnjuk, Alexandr"]
[Result "1-0"]
[WhiteElo "2197"]
[BlackElo "1766"]
[PlyCount "57"]
[EventDate "2023.06.17"]
[EventType "swiss"]
[EventRounds "9"]
[EventCountry "UKR"]
[SourceTitle "CBM 214 Extra"]
[Source "ChessBase"]
[SourceDate "2023.07.31"]
[SourceVersion "1"]
[SourceVersionDate "2023.07.31"]
[SourceQuality "1"]

1. e4 c5 2. Nf3 d6 3. d4 cxd4 4. Nxd4 Nf6 5. Nc3 e6 6. Bc4 Be7 7. Be3 Nc6 8. Qe2 a6 9. Bb3 0-0 10. 0-0-0 Qc7 11. f4 b5 12. g4 b4 13. Na4 Nxe4 14. Nxe6 fxe6 15. Bb6 Qb7 16. Qxe4 Kh8 17. Rhe1 d5 18. Qe3 Bd6 19. Rf1 Bd7 20. h4 Ne7 21. h5 Bxa4 22. Bxa4 d4 23. Bxd4 Nd5 24. Qxe6 Bxf4+ 25. Kb1 Nc3+ 26. bxc3 bxc3+ 27. Bb3 a5 28. h6 Bxh6 29. Qxh6 1-0

[Event "Sevastopol Waltz op"]
[Site "Sevastopol"]
[Date "2022.08.07"]
[Round "7"]
[White "Zhurov, Sergey"]
[Black "Kalinin, Sergey"]
[Result "1/2-1/2"]
[WhiteElo "2254"]
[BlackElo "2197"]
[PlyCount "52"]
[EventDate "2022.08.01"]
[EventType "swiss"]
[EventRounds "9"]
[EventCountry "UKR"]
[SourceTitle "EXT 2023"]
[Source "ChessBase"]
[SourceDate "2022.10.05"]
[SourceVersion "1"]
[SourceVersionDate "2022.10.05"]
[SourceQuality "1"]

1. e4 d5 2. exd5 Qxd5 3. Nc3 Qd8 4. d4 Nf6 5. Bf4 g6 6. Qd2 Bg7 7. 0-0-0 Nd5 8. Be5 f6 9. Bg3 h5 10. Nxd5 Qxd5 11. Kb1 c6 12. Ne2 Bf5 13. Nf4 Qd7 14. h4 e5 15. Qe1 Qe7 16. dxe5 fxe5 17. Bc4 Nd7 18. Nd3 0-0-0 19. Qa5 Kb8 20. Rhe1 b6 21. Nb4 Qf6 22. Qa4 b5 23. Qa6 Rhe8 24. Bd3 Qe6 25. f4 Nc5 26. Qa3 e4 1/2-1/2